Ariana Grande - intro (end of the world) [extended] - Statistics

General Stats
  • This quiz has been taken 217 times
  • The average score is 225 of 281
Answer Stats
lyric % Correct
I
100%
(I
100%
if
100%
If
100%
the
100%
be
98%
be?)
98%
to
98%
ya,
98%
you
98%
you,
98%
(You)
98%
I'm
97%
your
97%
in
95%
and
94%
And
94%
relationship?
94%
right
94%
sh*t?
94%
do
92%
How
92%
it
92%
know
92%
still
92%
(Still
92%
sun
92%
tell
92%
that
92%
would
92%
Would
92%
(Would
92%
can
91%
me
91%
me?
91%
me,
91%
Then
91%
for
89%
he
89%
supposed
89%
Why
89%
Aren't
88%
don't
88%
lover?
88%
shine
88%
all
86%
(All
86%
bones
86%
'bout
86%
five
86%
like
86%
moon
86%
this
86%
weeks
86%
been
85%
Feel
85%
interaction
85%
mind,
85%
mind?
85%
mind
85%
no
85%
on
85%
thinkin'
85%
Wonder
85%
Baby,
83%
had
83%
I've
83%
want
82%
am
80%
he's
80%
smiling
80%
there?
80%
mine?
78%
mine
78%
mine,
78%
mine)
78%
now
78%
Now
78%
(Now
78%
tomorrow
78%
care
77%
one
77%
refused
77%
tonight
77%
truth
77%
(Truth)
77%
dark
75%
ended
75%
I'd
75%
own
75%
really
75%
went
74%
judgin'
72%
make
72%
rather
72%
too
72%
Please,
71%
So
68%
so
68%
knows
66%
worse
63%
eyes
60%
inspirin'
60%
Than
60%
what's
60%
change
58%
pretending
58%
Pretending
58%
here
57%
pay
55%
regret
55%
you're
55%
broke
54%
thinking
54%
heart
52%
heart)
52%
into
52%
jump
52%
see
52%
skin
52%
things
51%
through
49%
(Through
49%
time
49%
time)
49%
because
48%
did
48%
not
48%
asking
46%
bad
46%
Cali
45%
even
45%
flight
45%
guy
45%
guy)
45%
long
45%
long)
45%
need
45%
gone
43%
While
43%
allowed
42%
that's
42%
unpacking
42%
unpacking)
42%
before
40%
'Cause
35%
wish
35%
already
34%
Can't
32%
could
32%
realize
32%
sense
32%
un-need
32%
grieved
31%
started
28%
No matching quizzes found
Score Distribution
Percent of People with Each Score
Percentile by Number Answered
Your Score History
You have not taken this quiz